Pesticides in fruits and vegetables

Saved in:
Bibliografiske detaljer
Main Authors: Kegley, Susan E (Author), Wise, Laura J (Author)
Format: Bog
Sprog:engelsk
Udgivet: Herndon University Science Books 1998
Fag:
Tags: Tilføj Tag
Ingen Tags, Vær først til at tagge denne postø!

MARC

LEADER 00000nam a2200000 a 4500
001 UCO4383
003 CL-VaPUC
008 000804e19980000us |||||||||||||||||eng|d
082 0 4 |a 363.192  |b KEG  |2 21 
100 |a Kegley, Susan E  |e author  |9 454318 
700 0 |a Wise, Laura J  |e author  |9 448867 
245 1 0 |a Pesticides in fruits and vegetables 
300 |a 114 p 
942 |c BK 
945 |d 20000804 00:00:00  |a vberengu 
260 |a Herndon  |b University Science Books  |c 1998 
650 0 |a Análisis cromatográfico  |9 262813 
650 0 |a Control de plagas  |9 327373 
650 0 |a Frutas  |9 259500 
650 0 |a Fruticultura  |9 259678 
650 0 |a Hortalizas  |9 259501 
650 0 |a Horticultura  |9 259721 
650 0 |a Pesticidas  |9 358300 
583 |a last modification  |c 20171221 04:51:02  |k Rodrigo Vera 
999 |c 290433  |d 290431